Find the Great Lakes Quiz Stats

Quiz Updated Oct 31, 2017

Challenge
Share
Tweet
Score 0/5 Timer 00:30
6 Plays Today
% Correct
Lake Superior
92.8%
Lake Michigan
89.5%
Lake Erie
82.5%
Lake Huron
81.6%
Lake Ontario
75.4%

You're not logged in!

Compare scores with friends on all Sporcle quizzes.
Join for Free
OR
Log In

You Might Also Like...

Show Comments

Extras

Top Quizzes Today


Score Distribution

Your Account Isn't Verified!

In order to create a playlist on Sporcle, you need to verify the email address you used during registration. Go to your Sporcle Settings to finish the process.

Report this User

Report this user for behavior that violates our Community Guidelines.

Details: